00227nam a22000737a 4500100003100000245006600031260004700097300000900144 aGroup Development Pakistan aVictim Support Services DirectorycGroup Development Pakistan aIslamabadbMinistry of Human Rights c2020 a220p